000 00769nam a2200289Ia 4500
008 160803s9999 xx 000 0 und d
020 _a9780545273992
100 _aChin, Jason
245 _aRedwoods /
245 _cJason Chin.
260 _aNew York :
260 _bScholastic Inc.
260 _c2009
300 _a31 unnumbered pages :
300 _bcolor illustrations ;
300 _c29 cm
500 _aOriginally published: New York : Roaring Brook Press, c2009.
650 _aBoys --
650 _aCoast redwood --
650 _aGiant sequoia --
650 _aRedwoods --
650 _xJuvenile fiction.
650 _xJuvenile literature.
650 _xJuvenile literature.
650 _xJuvenile literature.
700 _a1100
999 _c299666
_d299666